| 000 | 01530nam0a2200361 4500 | ||
|---|---|---|---|
| 001 | RU\NLR\bibl\1372876 | ||
| 005 | 20260405194139.0 | ||
| 010 |
_a978-5-7925-0294-9 _9200 |
||
| 021 |
_aRU _b2009-22963 _91358 |
||
| 035 | _a(nilc)RSL-KNO-004268884 | ||
| 035 | _a(NLR Aleph) 001364999 | ||
| 090 |
_a1005274 _c1005274 |
||
| 100 | _a20090318d2008 |||y0rusy50 ca | ||
| 101 | 0 | _arus | |
| 102 | _aRU | ||
| 105 | _aa ||||||||| | ||
| 200 | 1 |
_aКаталог пауков (Arachnida, Aranei) Забайкалья _fС. Н. Данилов _gотв. ред. к.б.н. Д. В. Логунов _gРоссийская акад. наук, Сибирское отд-ние, Ин-т общей и экспериментальной биологии |
|
| 210 |
_aУлан-Удэ _cИзд-во Бурятского научного центра СО РАН _d2008 |
||
| 215 |
_a106 с. _cил. _d21 |
||
| 320 | _aБиблиогр.: с. 80-87 | ||
| 320 | _aУказ. видов: с. 88-104 | ||
| 606 | 1 |
_aПауки _jКаталоги _yЗабайкалье _92587404 _3RU\NLR\auth\661529254 |
|
| 686 |
_aЕ691.827-85я26 _2rubbk |
||
| 686 |
_aЕ685.9(2Р54,7)я26 _2rubbk |
||
| 686 | _aЕ691.827(2Р54,7)я26 | ||
| 700 | 1 |
_4070 _8rus _7ca _aДанилов _bС. Н. _cбиолог, арахнология _gСергей Николаевич _3RU\NLR\AUTH\7785883 _968811 |
|
| 801 | 0 |
_aRU _bРГБ _c20090318 _grcr |
|
| 801 | 1 |
_aRU _bРГБ _c20090318 |
|
| 801 | 2 |
_aRU _bNLR _c20090522 _grcr |
|
| 942 | _cBOOK | ||
| 980 | _aNB | ||